000 00345nam a2200157Ia 4500
008 210210b1920 xxu||||| |||| 00| 0 eng d
041 _aeng
082 _a444/120
100 _aDe LABOULAYE
245 _aPif paf
260 _aOxford
_bAt the Clarendon Press
_c1920
650 _aPif
650 _apaf
690 _aFrench
906 _a006315
999 _c129335
_d129335